西武バスの始発/終着停留所(サドンデス) - Statistics

General Stats
  • This quiz has been taken 6 times
  • The average score is 11 of 40
Answers on the Grid
Answers color-coded by a green-red scale on the quiz's grid according to % correct below.
跡見女子大
井荻駅
イオンモール与野
伊佐沼冒険の森
入間扇町屋団地
内手
エステシティ所沢
青梅街道駅
大宮南高校
片山小学校
金子駅
金子駅入口
上井草駅入口
川越駅西口
川越駅東口
クラウンパッケージ前
芸術総合高校
埼玉石心会病院
サイボク
砂川九番
西武秋津団地
西武百貨店前
西武フラワーヒル
全生園前
台田
台田団地
立川八小
立野橋
智光山公園
津田塾大学
つつじ野団地中央
椿峰ニュータウン
東京街道団地
東京病院玄関前
豊島園
都民農園
都民農園セコニック
中神
中富
奈良橋
成増町
南街
新座駅南口
新座総合技術高校
西遊馬
西埼玉中央病院
日生団地
二本木地蔵前
東青梅駅
東伏見稲荷神社
東大和市駅
ひばりが丘団地中央
福祉センター入口
富士見台駅
水判土
三井アウトレットパーク
宮寺西
武蔵関駅入口
元狭山
ユーエイキャスター前(大河原工業団地東)
 
Answer Stats
Answer % Correct
入間扇町屋団地
80%
井荻駅
60%
上井草駅入口
60%
都民農園セコニック
60%
跡見女子大
40%
金子駅
40%
川越駅西口
40%
立野橋
40%
成増町
40%
新座駅南口
40%
東青梅駅
40%
東大和市駅
40%
宮寺西
40%
内手
20%
エステシティ所沢
20%
金子駅入口
20%
クラウンパッケージ前
20%
サイボク
20%
西武百貨店前
20%
西武フラワーヒル
20%
台田団地
20%
智光山公園
20%
椿峰ニュータウン
20%
東京街道団地
20%
中神
20%
奈良橋
20%
南街
20%
西遊馬
20%
西埼玉中央病院
20%
日生団地
20%
二本木地蔵前
20%
ひばりが丘団地中央
20%
福祉センター入口
20%
水判土
20%
三井アウトレットパーク
20%
ユーエイキャスター前(大河原工業団地東)
20%
大宮南高校
0%
台田
0%
中富
0%
新座総合技術高校
0%
No matching quizzes found
Score Distribution
Percent of People with Each Score
Percentile by Number Answered
Your Score History
You have not taken this quiz